Catálogo

Vista normal Vista MARC

Entrada Personal Name

Número de registros utilizados en: 1

001 - CONTROL NUMBER

  • control field: 8656

003 - CONTROL NUMBER IDENTIFIER

  • control field: DLC

005 - DATE AND TIME OF LATEST TRANSACTION

  • control field: 20221110162038.0

008 - FIXED-LENGTH DATA ELEMENTS

  • fixed length control field: 830729n| acannaabn |n aaa

010 ## - LIBRARY OF CONGRESS CONTROL NUMBER

  • LC control number: n 83127572

035 ## - SYSTEM CONTROL NUMBER

  • System control number: (OCoLC)oca00961749

040 ## - CATALOGING SOURCE

  • Original cataloging agency: DLC
  • Language of cataloging: spa
  • Transcribing agency: Mx-PuUPA
  • Modifying agency: OCoLC
  • Modifying agency: Mx-PuUPA
  • Description conventions: rda

100 1# - HEADING--PERSONAL NAME

  • Personal name: Mace, Herbert,

372 ## - FIELD OF ACTIVITY

  • Field of activity: Apicultura

374 ## - OCCUPATION

  • Occupation: Apicultor
  • Occupation: Autor

375 ## - GENDER

  • Gender: hombre

377 ## - ASSOCIATED LANGUAGE

  • Language code: eng

670 ## - SOURCE DATA FOUND

  • Source citation: His A book about the bee, 1921.

670 ## - SOURCE DATA FOUND

  • Source citation: Manual completo de apicultura, 1983:
  • Information found: portada (Herbert Mace)

670 ## - SOURCE DATA FOUND

  • Source citation: Biblioteca del congreso (Estados Unidos), 19 diciembre 2018:
  • Information found: catálogo electrónico
  • Uniform Resource Identifier: https://goo.gl/VCDzx8